• 首页
  • 本馆介绍
  • 公告通知
  • 最新文献
  • 馆藏检索
  • 电子资源
  • 读者导购
  • 参考咨询
  • 我的图书馆
  • 登录
  • 详细信息显示
  • 放入我的书架
  • 预约/预借图书
  • 作者相关作品
  • 分类相关作品
  • 丛书相关作品
  • 出版社相关作品

书目信息

  • 表格格式
  • 工作单格式
  • 卡片格式
题名:
明明白白买保险——人寿保险完全揭密
    
 
作者: 徐建新 编著
分册:  
出版信息:   同济大学出版社  2006
页数: 360页
开本: 32开
丛书名:
单 册:
中图分类: F840.6
科图分类:
主题词:
电子资源:
ISBN: 7-5608-3256-3
000 01591nam0 2200229 450
001 1541176221
005 20150127212652.59
010    @a7-5608-3256-3@dCNY18
100    @a20070104d2006 em y0chiy0110 ea
101 0  @achi
102    @aCN@b310000
105    @ay z 000yy
200 1  @a明明白白买保险——人寿保险完全揭密@AMing Ming Bai Bai Mai Bao Xian Ren Shou Bao Xian Wan Quan Jie Mi@dd@f徐建新编著@zeng
210    @c同济大学出版社@d2006
215    @a360页@d32开
327 0  @a第一部分 人寿保险,您相信吗?@a一、人寿保险的概念及分类@a1.人寿保险的概念@a2.人寿保险的分类@a二、人寿保险的意义与功用@a第一项 人寿保险能解决家庭保障问题@a第二项 人寿保险能解决储蓄目标难以达成的问题@a第三项 人寿保险能解决子女教育费用的问题@a第四项 人寿保险能解决养老金问题@a第五项 人寿保险是当今个人理财的三驾马车之一@a第六项 人寿保险是生活之道@a三、怀疑人寿保险,所以不买@a1.人爱说保险是骗人的@a2.买了保险的人很少有出事获得赔偿的,保险公司赔得很少,是在牟取暴利
330    @a消费者在购买人寿保险这个问题上一般会遇到以下几个问题: 1.我该相信人寿保险吗? 2.哪个寿险公司比较好呢? 3.市场上都有些什么寿险产品呢? 4.购买寿险都应该注意些什么呢? 5.如何通过购买寿险来保障全家? 本书共分五个部分:它们逐一与以上的五个问题相对应: 第一部分 人寿保险,您相信吗? 第二部分 寿险公司,掀起你的盖头来 第三部分 “险”而易见--寿险产品大剖析 第四部分 知险而进--投保注意事项大揭秘 第五部分 给自己和家庭撑一把保护伞--保彰计划大展示 希望通过本书的介绍,能够使广大读者真正做
510 1  @ad@zeng
690    @aF840.6@v4
701  0 @a徐建新@AXu Jian Xin@4编著
801  0 @aCN@bTSSF@c20150127
905    @aZUCC@dF840.6@eJY26
    
    明明白白买保险——人寿保险完全揭密=d/徐建新编著.-同济大学出版社,2006
    360页;32开
    
    部分内容:第一部分 人寿保险,您相信吗?;一、人寿保险的概念及分类;1.人寿保险的概念;2.人寿保险的分类;二、人寿保险的意义与功用;第一项 人寿保险能解决家庭保障问题;第二项 人寿保险能解决储蓄目标难以达成的问题;第三项 人寿保险能解决子女教育费用的问题;第四项 人寿保险能解决养老金问题;第五项 人寿保险是当今个人理财的三驾马车之一;第六项 人寿保险是生活之道;三、怀疑人寿保险,所以不买;1.人爱说保险是骗人的;2.买了保险的人很少有出事获得赔偿的,保险公司赔得很少,是在牟取暴利
    ISBN 7-5608-3256-3:CNY18
    消费者在购买人寿保险这个问题上一般会遇到以下几个问题: 1.我该相信人寿保险吗? 2.哪个寿险公司比较好呢? 3.市场上都有些什么寿险产品呢? 4.购买寿险都应该注意些什么呢? 5.如何通过购买寿险来保障全家? 本书共分五个部分:它们逐一与以上的五个问题相对应: 第一部分 人寿保险,您相信吗? 第二部分 寿险公司,掀起你的盖头来 第三部分 “险”而易见--寿险产品大剖析 第四部分 知险而进--投保注意事项大揭秘 第五部分 给自己和家庭撑一把保护伞--保彰计划大展示 希望通过本书的介绍,能够使广大读者真正做
●
相关链接 在E读中查询图书 在五车中查询图书 在当当中查询图书 在豆瓣中查询图书


正题名:明明白白买保险——人寿保险完全揭密     索取号:F840.6/JY26         预约/预借

序号 登录号 条形码 馆藏地/架位号 状态 备注
1 7847575   278475758   学院路分馆/ [索取号:F840.6/JY26] 在馆    
唐山师范学院图书馆 欢迎您!
大连网信软件有限公司© 版权所有